Nueve ensayos dantescos
Interpretación como lector de las obras del famoso escritor de literatura universal Dante Alighieri. Se evidencia el primer acercamiento de Borges a la Divina comedia, y a raíz de las largas lecturas en sus viajes cotidianos, surgen los nueve ensayos dantescos. Su fascinación por la divina comedia...
Zapisane w:
| 1. autor: | |
|---|---|
| Format: | Książka |
| Język: | Undetermined |
| Wydane: |
Madrid, España
Editorial Alianza
1999
|
| Hasła przedmiotowe: | |
| Etykiety: |
Dodaj etykietę
Nie ma etykietki, Dołącz pierwszą etykiete!
|
MARC
| LEADER | 00000nam a2200000Ia 4500 | ||
|---|---|---|---|
| 008 | 170316s9999 xx 000 0 und d | ||
| 040 | |a cru BVZT | ||
| 090 | |a 860 B-32n | ||
| 100 | |a Borges, Jorge Luis |9 1174 | ||
| 245 | |a Nueve ensayos dantescos |c / Jorge Luis Borges | ||
| 260 | |a Madrid, España |b Editorial Alianza |c 1999 | ||
| 300 | |a 99 páginas | ||
| 520 | |a Interpretación como lector de las obras del famoso escritor de literatura universal Dante Alighieri. Se evidencia el primer acercamiento de Borges a la Divina comedia, y a raíz de las largas lecturas en sus viajes cotidianos, surgen los nueve ensayos dantescos. Su fascinación por la divina comedia hace que analice los pasajes más interesantes e interprete el significado de los mismos | ||
| 650 | |a LITERATURA LATINOAMERICANA |9 15 | ||
| 650 | |a EL SER PSICOFISICO |9 1255 | ||
| 650 | |a DIFERENCIA ESENCIAL ENTRE EL HOMBRE Y EL ANIMAL |9 1256 | ||
| 650 | |a EL HOMBRE |9 774 | ||
| 650 | |a EL ALMA |9 1257 | ||
| 650 | |a EL CUERPO |9 1258 | ||
| 650 | |a METAFÍSICA |9 239 | ||
| 650 | |a RELIGIÓN |9 135 | ||
| 650 | |a ENSAYOS |9 146 | ||
| 999 | |c 8442 |d 8442 | ||
| 942 | |c 15 D |h 860 B-32n |2 z | ||
